00657nam a2200181 a 4500008004100000020001800041050001500059100002800074245015000102260002800252300002200280350000900302490003200311500004200343650005600385650001300441700002100454090320s2007 ||||||||||||||||| || u a9781842775530 aJF 799 Spa aCoelho, Vera Schattan P10aSpaces for change?: the politics of citizen participation in new democratic arenas. Vol. 4cedited by Andrea Cornwall and Vera Schattan P. Coelho aLondonbZed Booksc2007 axviii, 270p.: ill a0.00 aClaiming Citizenship Series aVol. 4 of Claiming Citizenship Series aPOLITICAL PARTICIPATION--CASE STUDIES--SOUTH AFRICA aPOLITICS aCornwall, Andrea